An introduction to collective bargaining and industrial relations; (Record no. 1021)
[ view plain ]
| 000 -LEADER | |
|---|---|
| fixed length control field | 012755cama220016934a4500 |
| 020 ## - INTERNATIONAL STANDARD BOOK NUMBER | |
| ISBN | 0072286318 |
| 050 ## - CALL NUMBER | |
| Classification number | HD6971.5 |
| Item number | .K38 2000 |
| 100 ## - AUTHOR | |
| Personal name | Katz, Harry C. |
| 245 ## - TITLE | |
| Title | An introduction to collective bargaining and industrial relations; |
| Statement of responsibility, etc | Harry C. Katz, Thomas A. Kochan. |
| 250 ## - EDITION | |
| Edition statement | 2nd ed. |
| 260 ## - PUBLICATION INFORMATION | |
| Place of publication | Boston : |
| Name of publisher | IRWIN/McGraw-Hill, |
| Year of publication | 2000. |
| 300 ## - DESCRIPTION | |
| Number of Pages | xvi, 484 p. : |
| Other physical details | ill. ; |
| Dimensions | 24 cm. |
| 505 ## - FORMATTED CONTENTS NOTE | |
| Table of Content | A framework for analyzing collective bargaining and industrial relations --<br/>The historical evolution of the U.S. industrial relations system --<br/>The legal regulation of unions and collective bargaining --<br/>The role of the environment --<br/>Management strategies and structures for collective bargaining --<br/>Union strategies and structures for representing workers --<br/>Union organizing and bargaining structures --<br/>The negotiations process and strikes --<br/>Dispute resolution procedures --<br/>Contract terms and employment outcomes --<br/>Administering the employment relationship --<br/>Participatory processes --<br/>Collective bargaining in the public sector --<br/>International and comparative industrial reations --<br/>The future of U.S. labor policy and industrial relations |
| 650 ## - SUBJECTS | |
| Topical Term | Collective bargaining. |
| 700 ## - OTHER AUTHORS | |
| Personal name | Kochan, Thomas A. |
| 942 ## - ADDED ENTRY ELEMENTS (KOHA) | |
| Koha item type | Books |
| Withdrawn status | Lost status | Home library | Current library | Shelving location | Date acquired | Full call number | Accession Number | Koha item type |
|---|---|---|---|---|---|---|---|---|
| Methodist University Library Tema | Methodist University Library Tema | General Stacks | 01/07/2004 | HD6971.5 .K38 2000 | 10401 | Books | ||
| Methodist University Library Tema | Methodist University Library Tema | General Stacks | 01/07/2004 | HD6971.5 .K38 | 10940 | Books |